00582nam a2200205 a 450000100060000000300080000600500170001400800410003103500190007204000270009104100080011808200270012610000330015324500510018626000400023730000330027735000120031050000190032265000350034164892BD-RjUL20211209081351.0170223s1971 ii ab 001 0 eng  a(BD-RjUL)65022 aDLCcDLCdBD-RjULbeng aeng00a954.9104223bMAR 19711 aMascarenhas, Anthony,d1928-14aThe rape of Bangla Desh /cAnthony Mascarenhas aDelhi :bVikas Publications,c1971. avi, 168 p. :bill. ;c23 cm. aRs17.50 aIncludes index aHistoryzBangladeshy1947-1971